Mod-3, Lec-8. Submerged Arc Welding
Esta leccin̤ aborda aspectos clave del proceso de soldadura por arco sumergido (submerged arc welding, SAW). Esto incluye generalidades, sistemas SAW, cabeza de soldadura, fuentes de energa̕, consumibles, fundentes, electrodos, parm̀etros de proceso, entre otros.
Gardado en:
| Outros autores: | , |
|---|---|
| Formato: | Libro |
| Idioma: | inglés |
| Subjects: | |
| Acceso en liña: | Mod-3, Lec-8. Submerged Arc Welding |
| Tags: |
Engadir etiqueta
Sen Etiquetas, Sexa o primeiro en etiquetar este rexistro!
|
MARC
| LEADER | 00000nam a22000004a 4500 | ||
|---|---|---|---|
| 001 | vpro10176 | ||
| 005 | 20201223000000.0 | ||
| 008 | 160705s2016 ck # g## #001 0#eng#d | ||
| 020 | |||
| 022 | |||
| 040 | |a CO-BoINGC | ||
| 041 | 0 | |a eng | |
| 245 | 1 | 0 | |a Mod-3, Lec-8. Submerged Arc Welding |
| 246 | |a Md̤ulo 3, leccin̤ 8. Soldadura por arco sumergido | ||
| 264 | |a Bogot ̀(Colombia) : |b Revista VirtualPRO, |c 2016 | ||
| 520 | 3 | |a Esta leccin̤ aborda aspectos clave del proceso de soldadura por arco sumergido (submerged arc welding, SAW). Esto incluye generalidades, sistemas SAW, cabeza de soldadura, fuentes de energa̕, consumibles, fundentes, electrodos, parm̀etros de proceso, entre otros. | |
| 650 | \ | \ | |a Soldadura |
| 650 | \ | \ | |a Welding |
| 650 | \ | \ | |a soldadura |
| 650 | \ | \ | |a soldadura de arco elčtrico |
| 650 | \ | \ | |a soldadura por arco sumergido |
| 650 | \ | \ | |a SAW |
| 650 | \ | \ | |a parm̀etros de proceso |
| 650 | \ | \ | |a fundentes |
| 650 | \ | \ | |a electrodos |
| 650 | \ | \ | |a consumibles |
| 650 | \ | \ | |a cordn̤ de soldadura |
| 650 | \ | \ | |a geometra̕ del cordn̤ |
| 650 | \ | \ | |a welding |
| 650 | \ | \ | |a electric arc welding |
| 650 | \ | \ | |a submerged arc welding |
| 650 | \ | \ | |a SAW |
| 650 | \ | \ | |a process parameters |
| 650 | \ | \ | |a fluxes |
| 650 | \ | \ | |a electrodes |
| 650 | \ | \ | |a consumables |
| 650 | \ | \ | |a weld bead |
| 650 | \ | \ | |a bead geometry |
| 700 | \ | \ | |a Dwivedi D.K. |
| 700 | \ | \ | |a Canal nptelhrd (YouTube) |
| 856 | |z Mod-3, Lec-8. Submerged Arc Welding |u https://virtualpro.unach.elogim.com/biblioteca/modulo-3-leccion-8-soldadura-por-arco-sumergido | ||